LEADER 02319nam 22005533 450 001 9910970672603321 005 20250106200719.0 010 $a9780861969470 010 $a0861969472 035 $a(CKB)4340000000265221 035 $a(MiAaPQ)EBC5349456 035 $a(OCoLC)1032590421 035 $a(MdBmJHUP)muse68434 035 $a(MiAaPQ)EBC30356839 035 $a(MiAaPQ)EBC31806966 035 $a(Au-PeEL)EBL31806966 035 $a(Au-PeEL)EBL30356839 035 $a(OCoLC)1388500634 035 $a(OCoLC)1310432114 035 $a(Perlego)3172924 035 $a(EXLCZ)994340000000265221 100 $a20250106d2018 uy 0 101 0 $aeng 135 $aurcnu|||||||| 181 $ctxt$2rdacontent 182 $cc$2rdamedia 183 $acr$2rdacarrier 200 00$aStan Brakhage the realm buster /$fedited by Marco Lori, Esther Leslie 205 $a1st ed. 210 1$aHertfordshire, England :$cJohn Libbey Publishing Ltd.,$d[2018] 210 4$dİ2018 215 $a1 online resource (231 pages) 311 08$a9780861969401 311 08$a0861969405 311 08$a9780861967285 311 08$a0861967283 320 $aIncludes bibliographical references and index. 327 $aIntroductory notes / Marco Lori and Esther Leslie -- Brakhage's blacks / Nicky Hamlyn -- It within itself : mimetic fissures in Brakhage's object collage/time paintings / Peter Mudie -- Bottom-up processing, entoptic vision and the innocent eye in the films of Stan Brakhage / Paul Taberham -- The eye and the hand : Brakhage's challenge to ocularcentrism / Gareth Evans -- The renewed encounter with the everyday : Stan Brakhage and the ethics of the (extra)ordinary / Rebecca A. Sheehan -- Perceiving war's horizon in Stan Brakhage's 23rd Psalm branch / Christina Chalmers -- Stan Brakhage's temporality, disjunction and reflexive process / Stephen Mooney -- Art as revelation : the origins of a sacred calling / Marco Lori. 330 $aSheehan, Christina Chalmers, Stephen Mooney and Marco Lori. 676 $a791.430230924 702 $aLori$b Marco 702 $aLeslie$b Esther$f1964- 801 0$bMiAaPQ 801 1$bMiAaPQ 801 2$bMiAaPQ 906 $aBOOK 912 $a9910970672603321 996 $aStan Brakhage the realm buster$94348015 997 $aUNINA